Federalism and regional development : case studies on the experience in the United States and the Federal Republic of Germany /

Bibliographic Details
Other Authors: Hoffman, George Walter, 1914-
Format: Book
Language:English
Published: Austin : University of Texas Press, [1981]
Subjects:

MARC

Tag First Indicator Second Indicator Subfields
LEADER 00000cam a2200000 a 4500
001 in00000073948
005 20151008060104.0
008 810930s1981 txua b s10000 eng
010 |a  80053735  
020 |a 0292738250 
035 |a (OCoLC)07567931 
035 |9 AAJ5103AM 
039 0 |a 2  |b 3  |c 3  |d 3  |e 3 
040 |a DLC  |c DLC  |d TXA  |d UtOrBLW 
043 |a n-us---  |a e-gw--- 
049 |a TXAM  |c [1673002] 
050 0 0 |a HT392  |b .F42 
082 0 |a 338.943  |2 19 
245 0 0 |a Federalism and regional development :  |b case studies on the experience in the United States and the Federal Republic of Germany /  |c edited by George W. Hoffman. 
264 1 |a Austin :  |b University of Texas Press,  |c [1981] 
264 4 |c ©1981 
300 |a xxvi, 754 pages :  |b illustrations ;  |c 24 cm. 
336 |a text  |b txt  |2 rdacontent 
337 |a unmediated  |b n  |2 rdamedia 
338 |a volume  |b nc  |2 rdacarrier 
504 |a Includes bibliographical references. 
650 0 |a Regional planning  |z United States  |v Congresses. 
650 0 |a Regional planning  |z Germany (West)  |v Congresses. 
650 0 |a Federal government  |z United States  |v Congresses. 
650 0 |a Federal government  |z Germany (West)  |x Congresses. 
700 1 |a Hoffman, George Walter,  |d 1914- 
999 |a MARS 
999 f f |s c426b6db-015c-301b-ac72-3f2fa7334428  |i 1850c306-f953-3925-ac4e-0bbf15d32709  |t 0 
952 f f |p ric  |a Texas A&M University  |b Rellis Campus  |c Joint Library Facility  |d Remote Storage  |t 0  |e HT392 .F42  |h Library of Congress classification  |i unmediated -- volume  |m A14806144922 
998 f f |a HT392 .F42  |t 0  |l Remote Storage